Normal view
MARC view
- Smith, Thomas C.
Entry Personal Name
001 - CONTROL NUMBER
- control field: 102010
003 - CONTROL NUMBER IDENTIFIER
- control field: NUST
005 - DATE AND TIME OF LATEST TRANSACTION
- control field: 20221031134515.0
008 - FIXED-LENGTH DATA ELEMENTS
- fixed length control field: 221031|| aca||aabn | a|a d
040 ## - CATALOGING SOURCE
- Original cataloging agency: NUST
- Transcribing agency: NUST
100 ## - HEADING--PERSONAL NAME
- Personal name: Smith, Thomas C.
- Fuller form of name: (Thomas Carlyle),
- Dates associated with a name: 1916-
670 ## - SOURCE DATA FOUND
- Source citation: Work cat.: (NUST)0: Smith, Thomas C. (Thomas Carlyle), 1916-, Native sources of Japanese industrialization, 1750-1920 /, c1988.
